000 00641nam a2200217Ia 4500
003 OSt
005 20221007071624.0
006 a|||||r|||| 00| 0
007 ta
008 221006b |||||||| |||| 00| 0 eng d
024 _a25,740
037 _cReports / Technical Reports
040 _aFLL
_cFLL
_beng
041 _2eng
_aeng
082 _aZ0Ap1:N64, K1
245 0 _aReport of conference of law and science
260 _aLondon
_bDavid Davies Memorial Institute of International Studies London
_c1961
300 _a1-154p
_ccm.
942 _hZ0Ap1:N64, K1
_cREP
_2CC
999 _c1143815
_d1143815